Visualizzazione normale
Vista MARC
- Morricone Ennio
di Personal Name
Records bibliografici associati: 1
001 - CONTROL NUMBER
- control field: 45032
003 - CONTROL NUMBER IDENTIFIER
- control field: IT-RoPau
005 - DATE AND TIME OF LATEST TRANSACTION
- control field: 20151129162044.0
008 - FIXED-LENGTH DATA ELEMENTS
- fixed length control field: 151129|| aca||aabn | a|a d
040 ## - CATALOGING SOURCE
- Original cataloging agency: IT-RoPau
- Transcribing agency: IT-RoPau
100 ## - HEADING--PERSONAL NAME
- Personal name: Morricone Ennio
- Relator term: (musica)
- Miscellaneous information: Codice Musica SPICS: 3535
670 ## - SOURCE DATA FOUND
- Source citation: Work cat.: (IT-RoPau)106084: Damiani Damiano Codice regista SPICS: 7592 41060, MOGLIE PIU' BELLA (LA) MOGLIE PIU' BELLA (LA) (Rif. Codice opera principale : 29049)